| 000 | 00779nam a22002177a 4500 | ||
|---|---|---|---|
| 999 |
_c13780 _d13780 |
||
| 003 | AR-CdUCM | ||
| 008 | 190416b ||||| |||| 00| 0 spa d | ||
| 040 |
_aMUNICIPALIDAD PROVINCIAL DEL CUSCO _cBIBLIOTECA MUNICIPAL DEL CUSCO |
||
| 082 |
_a709.85 / _bB27 |
||
| 100 |
_aBarrionuevo Sánchez, Alfonsina _93176 |
||
| 245 | _aArtistas populares del Perú / | ||
| 260 |
_aLima : _bEdit. Sagsa, |
||
| 300 |
_a239 pagina ; _bIlustraciones, _c20 cm. |
||
| 505 | _aContenido :El niño dios cusqueño --Antonio Olave --Hilario Mendivil --Santiago Rojas --Andres Gonzales --El cajon San Marcos ... | ||
| 650 |
_aArtistas peruanos _932335 |
||
| 650 |
_aArtesanía popular _932336 |
||
| 650 |
_aSiglo XX _98 |
||
| 650 |
_aPerú _935 |
||
| 942 |
_2ddc _cLIBROS |
||
| 945 |
_arjall _d2019-04-16 |
||